Score 0/20 Timer 08:00
3 Plays Today
% Correct
amerikan doggu
94%
misu kontesto
82.9%
shāpu penshiru
82.6%
amerikan kōhī
79.4%
gādo man
76.1%
sofuto kurīmu
74.5%
sarariman
68.9%
seru mōtā
68.3%
jetto kōsutā
59.8%
beddo taun
58.7%
% Correct
gēmu sentā
56.9%
ōnrī wan
55.9%
kufusu botan
44.5%
paipu katto
44.2%
goruden awā
41.7%
kūrā
37.9%
taitoru bakku
36.9%
herusu mētā
34.3%
sōpu rando
26.9%
konsento
24.6%
Remove Ads.
Support Sporcle.
Get the best of Sporcle when you Go Orange. This ad-free experience offers more features, more stats, and more fun while also helping to support Sporcle. Thank you for becoming a member.

You're not logged in!

Compare scores with friends on all Sporcle quizzes.
OR
Log In

Show Comments

Extras

Top Quizzes Today


Score Distribution

Your Account Isn't Verified!

In order to create a playlist on Sporcle, you need to verify the email address you used during registration. Go to your Sporcle Settings to finish the process.

Report this User

Report this user for behavior that violates our Community Guidelines.

Details: